[Event "2nd Yerevan Open"]
[Site "?"]
[Date "2017.09.26"]
[Round "8.26"]
[White "Kalashian , David"]
[Black "Barseghyan , Armen Ar."]
[Result "1-0"]
[WhiteElo "2389"]
[BlackElo "2020"]
[PlyCount "141"]

1. d4 Nf6 2. c4 c5 3. Nf3 cxd4 4. Nxd4 Nc6 5. Nc3 g6 6. g3 Bg7 7. Bg2 O-O 8.
O-O Nxd4 9. Qxd4 d6 10. b3 Bf5 11. Bb2 Ne4 12. Qe3 Nxc3 13. Bxc3 Bxc3 14. Qxc3
Qc7 15. Rfd1 Rab8 16. Qe3 a6 17. Qh6 Qa5 18. Rd5 Qc3 19. Rad1 Qf6 20. R5d4 Rfc8
21. Bd5 b5 22. Rh4 Qg7 23. Qe3 Rc7 24. cxb5 axb5 25. Rb4 Qf8 26. Rf4 h5 27. h3
e5 28. Rf3 Qe7 29. g4 Be6 30. Bxe6 Qxe6 31. gxh5 Kg7 32. Qg5 Rh8 33. hxg6 fxg6
34. Qg4 Qxg4+ 35. hxg4 Rh4 36. Rxd6 Rxg4+ 37. Rg3 Rxg3+ 38. fxg3 Rc2 39. Kf2
Rxa2 40. Rd5 Kf6 41. Rxb5 Rb2 42. Kf3 e4+ 43. Ke3 Ke6 44. g4 Kf6 45. g5+ Ke6
46. Kxe4 Rxe2+ 47. Kd4 Rb2 48. Kc4 Rg2 49. Rc5 Kd7 50. b4 Rg4+ 51. Kb5 Ke7 52.
Ka4 Kd7 53. Ka5 Kd6 54. Rb5 Kc7 55. Ka6 Kd6 56. Kb6 Kd7 57. Ka7 Kd6 58. Rb6+
Kd7 59. Rb5 Kd6 60. Kb6 Kd7 61. Ka6 Kd6 62. Ka5 Ke7 63. Re5+ Kd7 64. b5 Kd6 65.
b6 Kxe5 66. b7 Kf5 67. b8=Q Kxg5 68. Qe5+ Kh6 69. Kb6 g5 70. Qe6+ Kh5 71. Qe2
1-0

[Event "2nd Yerevan Open"]
[Site "?"]
[Date "2017.09.26"]
[Round "8.27"]
[White "Gharibyan , Mamikon"]
[Black "Santryan , Davit"]
[Result "0-1"]
[WhiteElo "2365"]
[BlackElo "2085"]
[PlyCount "97"]

1. d4 Nf6 2. c4 c5 3. Nf3 g6 4. Nc3 cxd4 5. Nxd4 d5 6. cxd5 Nxd5 7. Ndb5 Nxc3
8. Qxd8+ Kxd8 9. Nxc3 Bg7 10. Bd2 Be6 11. g3 Nc6 12. Bg2 Rc8 13. O-O Ke8 14.
Rac1 f5 15. Rfd1 Kf7 16. Be3 Rhd8 17. Rxd8 Rxd8 18. Bxc6 bxc6 19. b3 Bxc3 20.
Rxc3 Rd1+ 21. Kg2 Bd5+ 22. f3 a6 23. Kf2 e5 24. Rc5 Ra1 25. Rc2 Rd1 26. h4 Ke6
27. Bb6 Kd7 28. Ke3 Rg1 29. Kf2 Rd1 30. Ba5 Rh1 31. Bc3 Ke6 32. Bb4 Kd7 33. Rd2
Ke6 34. Bc5 Ra1 35. Rc2 Rd1 36. Be3 Kd7 37. Bg5 Ra1 38. Bf6 Ke6 39. Bg7 Rh1 40.
Rc5 Rh2+ 41. Kf1 f4 42. gxf4 exf4 43. Ra5 Rxh4 44. Rxa6 g5 45. Ra4 h5 46. Bh6
Kf5 47. e4+ fxe3 48. Rxh4 gxh4 49. Bxe3 0-1

[Event "2nd Yerevan Open"]
[Site "?"]
[Date "2017.09.26"]
[Round "8.28"]
[White "Demianjuk , Alexander"]
[Black "Machkalyan , Haik"]
[Result "0-1"]
[WhiteElo "2330"]
[BlackElo "1890"]
[PlyCount "108"]

1. e4 e6 2. d4 d5 3. Nc3 Bb4 4. e5 c5 5. a3 Bxc3+ 6. bxc3 Ne7 7. Qg4 cxd4 8.
Bd3 Qc7 9. Ne2 Nbc6 10. cxd4 h5 11. Qxg7 Rg8 12. Qf6 Nxd4 13. O-O Qxe5 14. Qxe5
Nf3+ 15. Kh1 Nxe5 16. Nf4 Nxd3 17. cxd3 h4 18. Bb2 Bd7 19. Rac1 Bc6 20. f3 Nf5
21. Bf6 Kd7 22. Rfe1 Rgc8 23. Re5 a5 24. Rce1 b5 25. d4 Re8 26. Nd3 h3 27. R5e2
Nd6 28. gxh3 Nc4 29. h4 Nxa3 30. h5 b4 31. h6 Bb5 32. Ne5+ Kc7 33. Rg2 b3 34.
h7 Nc2 35. Reg1 a4 36. Nxf7 a3 37. Bd8+ Raxd8 38. Nxd8 Rh8 39. Rg7+ Kb6 40.
Rb7+ Ka6 41. Re7 Rxd8 42. Rxe6+ Ka5 43. Rg8 b2 44. Rxd8 b1=Q+ 45. Kg2 Qf1+ 46.
Kg3 Qg1+ 47. Kh3 Bf1+ 48. Kh4 Qxh2+ 49. Kg5 Qxh7 50. Rxd5+ Ka4 51. Rd8 Qg7+ 52.
Kf4 Qc7+ 53. Red6 Nb4 54. R8d7 Qxd6+ 0-1

[Event "2nd Yerevan Open"]
[Site "?"]
[Date "2017.09.26"]
[Round "8.29"]
[White "Ghazaryan, Raffi"]
[Black "Gevorgyan , David Sh."]
[Result "0-1"]
[WhiteElo "1833"]
[BlackElo "2320"]
[PlyCount "88"]

1. e4 g6 2. d4 Bg7 3. Nc3 d6 4. f4 a6 5. Nf3 b5 6. a3 Bb7 7. Bd3 c5 8. dxc5
dxc5 9. e5 c4 10. Be4 Qxd1+ 11. Kxd1 Nc6 12. Be3 f6 13. Ke2 O-O-O 14. Rad1 e6
15. Bxc6 Bxc6 16. Nd4 Bd7 17. Ne4 fxe5 18. Nd6+ Kc7 19. fxe5 Rf8 20. Rhf1 Ne7
21. Nf7 Rhg8 22. Ng5 Rxf1 23. Ngxe6+ Kc8 24. Rxf1 Bxe5 25. Rf7 Nf5 26. Nxf5
gxf5 27. Rxf5 Bxb2 28. Rc5+ Kb8 29. Bf4+ Ka8 30. Nc7+ Kb7 31. Nd5 Rc8 32. Rxc8
Bxc8 33. Kd2 Be6 34. Ne3 Bxa3 35. c3 a5 36. Nc2 Be7 37. Nd4 Bd7 38. g4 b4 39.
g5 b3 40. h4 a4 41. h5 a3 42. Kc1 Bc5 43. Nc2 Bf5 44. h6 Bxc2 0-1

[Event "2nd Yerevan Open"]
[Site "?"]
[Date "2017.09.26"]
[Round "8.30"]
[White "Ziroyan , David"]
[Black "Gevorgyan , Maria"]
[Result "1-0"]
[WhiteElo "2055"]
[BlackElo "2294"]
[PlyCount "63"]

1. Nf3 d5 2. c4 Nf6 3. g3 e6 4. Bg2 Be7 5. O-O O-O 6. b3 c5 7. cxd5 Nxd5 8. Bb2
Nc6 9. Nc3 Nc7 10. Rc1 Rb8 11. Na4 Na6 12. d4 cxd4 13. Nxd4 Nxd4 14. Qxd4 Qxd4
15. Bxd4 b6 16. Be5 Ba3 17. Bxb8 Nxb8 18. Rc7 b5 19. Nc3 a6 20. Rd1 Bb4 21. Ne4
e5 22. Nd6 Be6 23. Nb7 a5 24. Nd8 Bf5 25. Bd5 Bg6 26. Bb7 Bf5 27. Nxf7 h6 28.
Rd8 a4 29. Nxh6+ gxh6 30. Bd5+ Kh8 31. Rxf8+ Bxf8 32. Rf7 1-0

[Event "2nd Yerevan Open"]
[Site "?"]
[Date "2017.09.26"]
[Round "8.31"]
[White "Babayan , Armine"]
[Black "Martirosyan , Garik"]
[Result "1-0"]
[WhiteElo "2168"]
[BlackElo "2018"]
[PlyCount "79"]

1. e4 c5 2. Nf3 Nc6 3. d4 cxd4 4. Nxd4 Nf6 5. Nc3 e5 6. Ndb5 d6 7. Bg5 a6 8.
Na3 b5 9. Nd5 Be7 10. Bxf6 Bxf6 11. c4 b4 12. Nc2 O-O 13. g3 Rb8 14. b3 Be6 15.
Bg2 Bxd5 16. Qxd5 Nd4 17. Nxd4 exd4 18. O-O Qb6 19. Qh5 Rbc8 20. Rad1 a5 21. f4
Rc5 22. Qf3 a4 23. g4 h6 24. Qg3 Qd8 25. Qe1 Qd7 26. Qe2 Ra5 27. Kh1 axb3 28.
axb3 Qa7 29. Qe1 Ra3 30. Rd3 Ra8 31. Qxb4 Rb8 32. Qd2 Rbxb3 33. Rxb3 Rxb3 34.
g5 hxg5 35. e5 dxe5 36. fxg5 e4 37. gxf6 e3 38. Qd1 Rb8 39. Qg4 g6 40. Bd5 1-0

[Event "2nd Yerevan Open"]
[Site "?"]
[Date "2017.09.26"]
[Round "8.32"]
[White "Nalbandian , Tigran"]
[Black "	Tavoosi 	, Rad Ramtin"]
[Result "1-0"]
[WhiteElo "2455"]
[BlackElo "2070"]
[PlyCount "109"]

1. Nf3 d5 2. g3 Nc6 3. Bg2 e5 4. d3 Nf6 5. c4 dxc4 6. Qa4 Bd6 7. Qxc4 O-O 8.
O-O Be6 9. Qa4 Qd7 10. Nc3 Bh3 11. Bg5 Bxg2 12. Kxg2 Qe6 13. Rac1 Nd7 14. Be3
f5 15. Ng5 Qg6 16. Qb3+ Kh8 17. Ne6 Rfb8 18. Ng5 h6 19. Qf7 Nf8 20. Qxg6 Nxg6
21. Nf7+ Kg8 22. Nxd6 cxd6 23. Nb5 Rd8 24. Rc4 Nge7 25. Rfc1 Kf7 26. f4 Nd5 27.
Bf2 exf4 28. gxf4 g5 29. fxg5 hxg5 30. h4 g4 31. Nd4 Ne5 32. Nxf5 Nxc4 33. Rxc4
Ke6 34. Ng7+ Kf7 35. Nh5 Re8 36. Ng3 Rg8 37. Rd4 Ke6 38. Ne4 Nf4+ 39. Kf1 Raf8
40. Rxd6+ Ke7 41. Rh6 Nxd3 42. exd3 g3 43. Nxg3 Rxg3 44. Ke1 Rxd3 45. Bc5+ Ke8
46. Bxf8 Kxf8 47. Rh7 Rh3 48. Rxb7 Rxh4 49. Rxa7 Rh2 50. Rb7 Ke8 51. Kd1 Kd8
52. Kc1 Kc8 53. Rb4 Kc7 54. a3 Kc6 55. Kb1 1-0

[Event "2nd Yerevan Open"]
[Site "?"]
[Date "2017.09.26"]
[Round "8.33"]
[White "Chibukhchian , Artur"]
[Black "Shahzamani , Arman"]
[Result "1-0"]
[WhiteElo "2417"]
[BlackElo "2064"]
[PlyCount "125"]

1. Nf3 g6 2. d4 Bg7 3. e4 d6 4. c4 Nf6 5. Nc3 O-O 6. Be2 Bg4 7. Be3 Nfd7 8. O-O
Nc6 9. d5 Bxf3 10. Bxf3 Nce5 11. Be2 Nb6 12. Qb3 c5 13. Rad1 f5 14. exf5 gxf5
15. f4 Ng4 16. Bxg4 fxg4 17. Ne4 h6 18. f5 Qd7 19. Ng3 Qa4 20. Qxa4 Nxa4 21. b3
Nc3 22. Rd2 b5 23. cxb5 Rfb8 24. Rf4 Rxb5 25. Rxg4 Rb4 26. Rg6 Kh7 27. Re6 Bf8
28. f6 exf6 29. Nh5 a5 30. Nxf6+ Kh8 31. Nd7 a4 32. Nxf8 Rxf8 33. Bxh6 Rf5 34.
h3 axb3 35. axb3 Rxb3 36. Kh2 c4 37. Rd4 Nxd5 38. Rxd6 Rb6 39. R6xd5 Rxd5 40.
Rxd5 Rxh6 41. Rc5 Rh4 42. g4 Kg7 43. Rxc4 Rh8 44. Rc7+ Kg6 45. Kg3 Ra8 46. Rc6+
Kg7 47. Rc3 Kg6 48. h4 Ra6 49. h5+ Kg5 50. Rc5+ Kh6 51. Kh4 Ra4 52. Rc6+ Kh7
53. h6 Ra1 54. Kh5 Rb1 55. Rc7+ Kg8 56. g5 Rb5 57. Re7 Ra5 58. Kg6 Ra6+ 59. Kf5
Rb6 60. g6 Rb8 61. Re5 Rf8+ 62. Kg5 Ra8 63. h7+ 1-0

[Event "2nd Yerevan Open"]
[Site "?"]
[Date "2017.09.26"]
[Round "8.34"]
[White "Tiraturyan , David"]
[Black "Melkonyan , Arshak"]
[Result "0-1"]
[WhiteElo "2316"]
[BlackElo "2064"]
[PlyCount "64"]

1. e4 c6 2. d4 d5 3. e5 Bf5 4. Nf3 e6 5. Be2 Nd7 6. O-O Ne7 7. a4 c5 8. c4 dxc4
9. Na3 Nc6 10. Nxc4 Be7 11. d5 exd5 12. Qxd5 O-O 13. Bf4 Ndxe5 14. Qxd8 Nxf3+
15. Bxf3 Rfxd8 16. a5 Rd4 17. a6 Rxf4 18. axb7 Rb8 19. Bxc6 Rxc4 20. Rfe1 Kf8
21. Rxa7 Rd4 22. Ra8 Rdd8 23. g3 Bf6 24. f4 Be6 25. Rea1 Be7 26. Kg2 Bd6 27.
Rd1 Ke7 28. Re1 g6 29. g4 Bxf4 30. Kf3 g5 31. h4 h6 32. hxg5 hxg5 0-1

[Event "2nd Yerevan Open"]
[Site "?"]
[Date "2017.09.26"]
[Round "8.35"]
[White "Sargsyan , Anna M."]
[Black "Sargissyan , Sargis"]
[Result "0-1"]
[WhiteElo "2047"]
[BlackElo "2295"]
[PlyCount "78"]

1. d4 d6 2. Nf3 Nf6 3. c4 g6 4. g3 Bg7 5. Bg2 O-O 6. Nc3 Nc6 7. O-O a6 8. Qd3
Nd7 9. e4 e5 10. Bg5 f6 11. Be3 exd4 12. Nxd4 Nde5 13. Qe2 Bg4 14. f3 Nxd4 15.
Bxd4 Be6 16. b3 f5 17. Rad1 f4 18. c5 Qe7 19. cxd6 cxd6 20. Qb2 g5 21. Ne2 Bd7
22. gxf4 gxf4 23. Kh1 Rf6 24. Qd2 Raf8 25. Bb2 Rh6 26. Ng1 Qh4 27. h3 Bb5 28.
Rfe1 Rg6 29. Bxe5 Bxe5 30. Rc1 Kh8 31. Rc2 Rfg8 32. Qd1 Bd3 33. Ree2 Bxe2 34.
Rxe2 Rc8 35. Rd2 Rg7 36. Rc2 Rgc7 37. Rxc7 Rxc7 38. Qd5 Qf2 39. Qe6 Rg7 0-1

[Event "2nd Yerevan Open"]
[Site "?"]
[Date "2017.09.26"]
[Round "8.36"]
[White "Harutyunyan , Erik"]
[Black "Bagheri , Maziar"]
[Result "1-0"]
[WhiteElo "2031"]
[BlackElo "2285"]
[PlyCount "131"]

1. e4 e5 2. Nf3 Nc6 3. Bc4 Nf6 4. d3 Be7 5. O-O O-O 6. Re1 d6 7. a4 Kh8 8. h3
Ng8 9. c3 f5 10. b4 Qe8 11. Kh2 fxe4 12. dxe4 Nd8 13. Ra2 Ne6 14. Bf1 Nf4 15.
g3 Nxh3 16. Bxh3 Bxh3 17. Kxh3 Qf7 18. Rc2 Qxf3 19. Qxf3 Rxf3 20. Kg2 Rf7 21.
c4 Nf6 22. Nc3 c6 23. Rd1 Kg8 24. Ba3 a6 25. Rb2 Bf8 26. Rb3 Ne8 27. b5 axb5
28. axb5 Rc8 29. Rc1 Nc7 30. bxc6 bxc6 31. Rd1 Ne6 32. Ne2 c5 33. Nc3 Ra8 34.
Bb2 Nd4 35. Rb6 h6 36. Ra1 Rxa1 37. Bxa1 Nc2 38. Bb2 Ne1+ 39. Kf1 Nf3 40. Bc1
g5 41. Nb5 Rd7 42. Be3 Nd4 43. Bxd4 exd4 44. Ke2 h5 45. Ra6 Kf7 46. f4 gxf4 47.
gxf4 Be7 48. Kf3 Ke6 49. e5 Kf5 50. exd6 Bf8 51. Rc6 Kf6 52. Rxc5 Bxd6 53. Rd5
Ke7 54. Nxd4 Ba3 55. Nc6+ Ke8 56. Rxh5 Rd1 57. Ne5 Bc1 58. Ke4 Rf1 59. Rf5 Ba3
60. Nd3 Rh1 61. Ra5 Be7 62. Ne5 Re1+ 63. Kf5 Rd1 64. Ra8+ Rd8 65. Rxd8+ Bxd8
66. Ke6 1-0

[Event "2nd Yerevan Open"]
[Site "?"]
[Date "2017.09.26"]
[Round "8.37"]
[White "Karatorossian , David"]
[Black "Hoghmrtsyan , Artur"]
[Result "0-1"]
[WhiteElo "2250"]
[BlackElo "2012"]
[PlyCount "138"]

1. Nf3 Nf6 2. g3 g6 3. b3 Bg7 4. Bb2 O-O 5. Bg2 d5 6. c4 c6 7. O-O Bg4 8. h3
Bxf3 9. exf3 d4 10. Re1 a5 11. d3 Nfd7 12. f4 Nc5 13. Qc2 Nbd7 14. Nd2 e5 15.
fxe5 Nxe5 16. Bf1 Re8 17. f4 Ned7 18. Rxe8+ Qxe8 19. Nf3 Ne6 20. Qf2 c5 21. Bg2
a4 22. Qc2 Qd8 23. Nd2 Qc7 24. Rb1 h5 25. Nf3 Bf6 26. h4 Ng7 27. Bc1 axb3 28.
Qxb3 Ra7 29. Kh2 Bd8 30. Rb2 Qd6 31. Re2 Bf6 32. Nd2 Qb6 33. Qxb6 Nxb6 34. Ne4
Be7 35. Rb2 Na4 36. Rb3 Nf5 37. Ng5 Nc3 38. a3 Nxg3 39. Rxc3 dxc3 40. Kxg3 f5
41. Kf2 Bf6 42. Bd5+ Kg7 43. Ke2 b6 44. Kd1 Bd4 45. Bc6 Kf6 46. Nf3 Re7 47. a4
Rc7 48. Be8 Re7 49. Bc6 Rc7 50. Nxd4 cxd4 51. Bb5 Ke6 52. Be8 Rc8 53. Bb5 Rc7
54. Ba3 Rc8 55. Bb4 g5 56. fxg5 f4 57. Ba3 f3 58. Ke1 Rc5 59. Kf2 Re5 60. c5
bxc5 61. a5 c4 62. Bxc4+ Kf5 63. a6 Ra5 64. g6 Kxg6 65. Bc1 Ra1 66. Bg5 Ra5 67.
Kxf3 Rxg5 68. hxg5 c2 69. a7 c1=Q 0-1

[Event "2nd Yerevan Open"]
[Site "?"]
[Date "2017.09.26"]
[Round "8.38"]
[White "Hakobyan , Hovhannes H."]
[Black "Manukyan,  Aleks"]
[Result "1-0"]
[WhiteElo "2242"]
[BlackElo "2003"]
[PlyCount "81"]

1. e4 e6 2. d4 d5 3. Nd2 Be7 4. c3 c5 5. dxc5 Nf6 6. exd5 Nxd5 7. Nb3 O-O 8.
Bc4 a5 9. a4 Na6 10. Nf3 Nxc5 11. Qe2 Nxb3 12. Bxb3 b6 13. Nd4 Bf6 14. Nb5 Nc7
15. O-O Nxb5 16. axb5 Qc7 17. Qc4 Be5 18. Qxc7 Bxc7 19. Rd1 Rd8 20. Bf4 Rxd1+
21. Rxd1 e5 22. Bxe5 Be6 23. Bxc7 Bxb3 24. Rd6 h6 25. Rxb6 Bc4 26. f3 a4 27.
Bd6 Kh7 28. Rb7 Rd8 29. Ba3 Rd1+ 30. Kf2 Rd2+ 31. Ke3 Rd3+ 32. Ke4 Rd2 33. b6
Bd5+ 34. Ke3 Rxb2 35. Bxb2 Bxb7 36. Kd4 Kg6 37. Ke5 Ba6 38. c4 f6+ 39. Kd6 Kf7
40. c5 Ke8 41. Kc7 1-0

[Event "2nd Yerevan Open"]
[Site "?"]
[Date "2017.09.26"]
[Round "8.39"]
[White "Ghukasyan , Siranush"]
[Black "Avetisyan , Mariam"]
[Result "1-0"]
[WhiteElo "2218"]
[BlackElo "1976"]
[PlyCount "75"]

1. e4 c5 2. Nf3 Nf6 3. Nc3 d5 4. e5 Nfd7 5. d3 e6 6. g3 Nc6 7. Bf4 Be7 8. h4 f6
9. exf6 Bxf6 10. Bh3 e5 11. Qe2 O-O 12. Be6+ Kh8 13. Bd2 Nb6 14. Bxc8 Rxc8 15.
Ng5 Qd7 16. O-O-O Nd4 17. Qf1 Na4 18. Kb1 Nxc3+ 19. Bxc3 Rc6 20. Bxd4 cxd4 21.
Qe2 Ra6 22. f4 exf4 23. gxf4 b5 24. Rde1 b4 25. Qh5 g6 26. Qh6 Qg7 27. Qxg7+
Bxg7 28. Ne6 Rf7 29. h5 Re7 30. Nc5 Rxe1+ 31. Rxe1 Rf6 32. Nd7 Rxf4 33. Re8+
Bf8 34. Rxf8+ Rxf8 35. Nxf8 gxh5 36. Ne6 h4 37. Nxd4 h3 38. Nf3 1-0

[Event "2nd Yerevan Open"]
[Site "?"]
[Date "2017.09.26"]
[Round "8.40"]
[White "Marzoughi 	, Mohammadsadegh"]
[Black "Gharagyozyan , Artur"]
[Result "0-1"]
[WhiteElo "1954"]
[BlackElo "2170"]
[PlyCount "164"]

1. d4 g6 2. e4 Bg7 3. Be3 d6 4. Qd2 Nd7 5. f3 c6 6. Nc3 b5 7. Nh3 Qa5 8. Nb1
Qc7 9. c3 Nb6 10. Nf2 Nc4 11. Bxc4 bxc4 12. Na3 d5 13. O-O Nf6 14. b3 cxb3 15.
axb3 O-O 16. c4 Rd8 17. cxd5 cxd5 18. e5 Nd7 19. Nb5 Qb6 20. Qa5 Rb8 21. Nxa7
Qxa5 22. Rxa5 Rxb3 23. Bg5 f6 24. exf6 exf6 25. Bf4 Bb7 26. Nb5 g5 27. Bd6 Nb8
28. Bxb8 Rxb8 29. Nd6 Bc6 30. Nf5 Bf8 31. Ng4 Kf7 32. Nge3 Ra3 33. Ra1 Rxa5 34.
Rxa5 Rb1+ 35. Kf2 Bb4 36. Ra7+ Kf8 37. g4 Rb2+ 38. Kg1 Rb1+ 39. Kg2 Rb2+ 40.
Kg1 Be1 41. Ra6 Bf2+ 42. Kh1 Bxe3 43. Nxe3 Bb5 44. Rxf6+ Kg7 45. Rf5 h6 46.
Rxd5 Bc6 47. Rf5 Re2 48. Nc4 Rc2 49. Ne5 Bd5 50. Nd3 Bc4 51. Nb4 Rb2 52. Nc6
Bf1 53. Ne5 Rb1 54. h3 Bd3+ 55. Kg2 Bxf5 56. gxf5 Kf6 57. Ng4+ Kxf5 58. Nxh6+
Kf4 59. h4 gxh4 60. Ng4 Rd1 61. Nh2 Rxd4 62. Kh3 Rd8 63. Nf1 Rh8 64. Nh2 Rh7
65. Ng4 Kxf3 66. Ne5+ Kf4 67. Ng6+ Kg5 68. Ne5 Ra7 69. Nf3+ Kh5 70. Kg2 Ra2+
71. Kh3 Ra3 72. Kg2 Kg4 73. Ne5+ Kf4 74. Ng6+ Kg5 75. Ne5 Rg3+ 76. Kh2 Re3 77.
Nc4 Rc3 78. Ne5 h3 79. Nf7+ Kh4 80. Nd6 Rc2+ 81. Kh1 Ra2 82. Kg1 h2+ 0-1

[Event "2nd Yerevan Open"]
[Site "?"]
[Date "2017.09.26"]
[Round "8.41"]
[White "Yayloyan , Konstantin"]
[Black "Davtyan , Arsen"]
[Result "1-0"]
[WhiteElo "2142"]
[BlackElo "1969"]
[PlyCount "99"]

1. e4 e5 2. Nf3 Nc6 3. Bc4 Nf6 4. d3 Bc5 5. O-O O-O 6. c3 d6 7. a4 a6 8. Na3
Be6 9. Bxe6 fxe6 10. b4 Ba7 11. Nc2 a5 12. b5 Ne7 13. Re1 Ng6 14. d4 exd4 15.
cxd4 d5 16. e5 Ne4 17. Be3 c5 18. bxc6 bxc6 19. Nd2 Nxd2 20. Qxd2 c5 21. Rab1
c4 22. Rb5 Bb6 23. Bg5 Qc7 24. Reb1 Rab8 25. h4 h6 26. Bxh6 gxh6 27. Qxh6 Qf7
28. Rxb6 Rxb6 29. Rxb6 Qxf2+ 30. Kh2 Qxh4+ 31. Qxh4 Nxh4 32. Rxe6 Rf2 33. Ne3
Nf3+ 34. Kg3 Nxd4 35. Kxf2 Nxe6 36. Nxd5 Nc5 37. Nc3 Nd3+ 38. Ke3 Nxe5 39. Kd4
Ng4 40. Kxc4 Ne3+ 41. Kb5 Nxg2 42. Kxa5 Kf7 43. Kb5 Ke7 44. a5 Nf4 45. a6 Ne6
46. a7 Nc7+ 47. Kc6 Na8 48. Nd5+ Kd8 49. Kb7 Kd7 50. Nb6+ 1-0

[Event "2nd Yerevan Open"]
[Site "?"]
[Date "2017.09.26"]
[Round "8.42"]
[White "Khachikyan , Haik"]
[Black "Der Manuelian , Haik"]
[Result "0-1"]
[WhiteElo "1896"]
[BlackElo "2139"]
[PlyCount "102"]

1. e4 e5 2. Nc3 Nf6 3. f4 d5 4. fxe5 Nxe4 5. d3 Nxc3 6. bxc3 c5 7. Nf3 Be7 8.
d4 O-O 9. Bd3 c4 10. Be2 Bf5 11. O-O Bg6 12. Bf4 Nc6 13. Qd2 Qd7 14. Rae1 Nd8
15. Bg3 Ne6 16. Bd1 Qd8 17. Rf2 b5 18. Ref1 a5 19. Re2 b4 20. Qe1 Qb6 21. Kh1
Bh5 22. Ref2 Bxf3 23. Bxf3 Rad8 24. Bh5 g6 25. Bg4 bxc3 26. Qxc3 Qxd4 27. Qxd4
Nxd4 28. Rd2 Ne6 29. h4 d4 30. Rb1 Bb4 31. Rdd1 d3 32. cxd3 Rxd3 33. Kh2 Rxd1
34. Rxd1 c3 35. Rc1 Rc8 36. Be1 c2 37. Bxb4 axb4 38. Bxe6 fxe6 39. Kg3 Kg7 40.
Kf4 Rc3 41. Ke4 Kh6 42. g4 g5 43. h5 Rg3 44. Rxc2 Rxg4+ 45. Kd3 Kxh5 46. Rc6
Kg6 47. Rxe6+ Kf5 48. Re8 h5 49. e6 h4 50. e7 Ke6 51. Ke3 Kf7 0-1

[Event "2nd Yerevan Open"]
[Site "?"]
[Date "2017.09.26"]
[Round "8.43"]
[White "Simonyan , Latush"]
[Black "Nalbandyan , Vahan"]
[Result "1-0"]
[WhiteElo "2107"]
[BlackElo "1910"]
[PlyCount "120"]

1. e4 e5 2. Nf3 Nc6 3. Bb5 Nf6 4. O-O Nxe4 5. d4 Nd6 6. Bxc6 dxc6 7. dxe5 Nf5
8. Qxd8+ Kxd8 9. h3 Be7 10. Nc3 h6 11. Rd1+ Ke8 12. Ne2 g5 13. b3 Rg8 14. Bb2
Bd7 15. Rd3 Rd8 16. Rad1 Bc8 17. Rxd8+ Bxd8 18. Nd2 g4 19. hxg4 Rxg4 20. Nf1
Be7 21. Nh2 Re4 22. Nc1 Bc5 23. Nf3 Ng3 24. Nd3 Bb6 25. c4 Ne2+ 26. Kf1 Bf5 27.
Nd2 Rd4 28. Bxd4 Bxd3 29. Bxb6 Nc3+ 30. Ke1 Nxd1 31. Bd4 c5 32. Ba1 Bc2 33. Nf3
Ke7 34. Kd2 Bxb3 35. axb3 Nxf2 36. Ke2 Ng4 37. Bc3 b6 38. Ne1 Ke6 39. Nd3 Kf5
40. Bd2 h5 41. Bf4 Ke4 42. Bg5 Kd4 43. Kd2 Nh2 44. Be3+ Ke4 45. Nf2+ Kxe5 46.
Kd3 Nf1 47. Bg5 f6 48. Bh4 Kf4 49. Nh1 Kg4 50. Bxf6 Ng3 51. Nf2+ Kf5 52. Bh4
Kf4 53. Bd8 Nf5 54. Bxc7+ Kg5 55. Bb8 a5 56. Bc7 Nd4 57. Bxb6 Nxb3 58. Ne4+ Kf4
59. Nxc5 Nc1+ 60. Kd2 Na2 1-0

[Event "2nd Yerevan Open"]
[Site "?"]
[Date "2017.09.26"]
[Round "8.44"]
[White "Boyajyan , Hayk"]
[Black "Hakobyan , Hakob V."]
[Result "0-1"]
[WhiteElo "1848"]
[BlackElo "2102"]
[PlyCount "106"]

1. e4 c5 2. Nf3 e6 3. d4 cxd4 4. Nxd4 a6 5. Bd3 Nc6 6. Nxc6 dxc6 7. O-O e5 8.
f4 Nf6 9. Kh1 Bc5 10. f5 h5 11. Bg5 h4 12. Qe1 Qd4 13. Nc3 h3 14. g3 Ng4 15.
Nd1 f6 16. Bd2 b5 17. Qe2 Nh6 18. Be3 Qd6 19. Bxc5 Qxc5 20. Qe3 Qxe3 21. Nxe3
Bb7 22. c4 O-O-O 23. Rfd1 c5 24. Nd5 Bxd5 25. cxd5 c4 26. Be2 Nf7 27. a4 Ng5
28. axb5 axb5 29. Ra7 Nxe4 30. Rda1 Kb8 31. Rxg7 Rc8 32. Bf3 Nd6 33. Ra6 Rc7
34. Rg6 c3 35. bxc3 Rxc3 36. Kg1 Rxf3 37. Rxd6 Rc8 38. Rb6+ Ka7 39. Rc6 Rxc6
40. dxc6 Rxf5 41. Rh6 Kb6 42. Rxh3 Kxc6 43. g4 Rf4 44. Rg3 e4 45. h4 e3 46.
Rxe3 Rxg4+ 47. Kf2 Rxh4 48. Re6+ Kd5 49. Rxf6 Re4 50. Rf5+ Kc4 51. Rf8 b4 52.
Rc8+ Kd3 53. Kf3 Re7 0-1

[Event "2nd Yerevan Open"]
[Site "?"]
[Date "2017.09.26"]
[Round "8.45"]
[White "Pluzyan , Aram"]
[Black "Israyelyan , Eduard"]
[Result "1-0"]
[WhiteElo "2079"]
[BlackElo "1854"]
[PlyCount "118"]

1. c4 Nf6 2. Nc3 c5 3. g3 g6 4. Bg2 Bg7 5. d3 Nc6 6. e4 d6 7. Nge2 O-O 8. h3 a6
9. Be3 Rb8 10. a4 Ne8 11. Qd2 Nb4 12. O-O Nc7 13. a5 Bd7 14. Kh2 b6 15. axb6
Rxb6 16. f4 Qb8 17. d4 cxd4 18. Bxd4 Bxd4 19. Nxd4 Nc6 20. Rf2 Nxd4 21. Qxd4
Ne6 22. Qd2 Bc6 23. Re1 Nc5 24. h4 Nb3 25. Qd1 e5 26. f5 Nd4 27. Qd2 Kh8 28.
fxg6 fxg6 29. Ref1 Rxf2 30. Rxf2 Rb7 31. Qg5 Rg7 32. Qf6 h5 33. Qg5 Kh7 34. Qd2
Qg8 35. Rf6 Rf7 36. Qf2 Kg7 37. Rxf7+ Qxf7 38. Qxf7+ Kxf7 39. b4 Ke7 40. Kg1
Kd7 41. Kf2 Kc7 42. Bf1 Kb6 43. Bd3 Kc7 44. Ke3 Kb6 45. Nd1 Bd7 46. Kd2 Nf3+
47. Kc3 Bc6 48. Ne3 g5 49. Nf5 Kc7 50. Be2 Bxe4 51. Bxf3 Bxf5 52. hxg5 Bg6 53.
Kd2 e4 54. Bd1 Kb6 55. Ke3 a5 56. bxa5+ Kxa5 57. Bc2 Kb4 58. Bxe4 Bf7 59. Bd5
Bg6 1-0

[Event "2nd Yerevan Open"]
[Site "?"]
[Date "2017.09.26"]
[Round "8.46"]
[White "Gasparian , Tigran"]
[Black "Mkrtchyan , Mariam"]
[Result "1-0"]
[WhiteElo "2208"]
[BlackElo "1794"]
[PlyCount "101"]

1. b3 d6 2. Bb2 e5 3. e3 Nf6 4. c4 Bg4 5. Be2 Bxe2 6. Nxe2 Be7 7. O-O O-O 8. d4
Nbd7 9. Nbc3 c6 10. Qc2 Qc7 11. Rad1 Rad8 12. h3 Rfe8 13. e4 exd4 14. Nxd4 Bf8
15. Rfe1 a6 16. Bc1 d5 17. cxd5 cxd5 18. Nxd5 Nxd5 19. exd5 Rxe1+ 20. Rxe1 Qa5
21. Rd1 Nf6 22. Nf5 Rxd5 23. Rxd5 Qxd5 24. Bb2 Qe6 25. g4 Ne8 26. Qc3 Qd7 27.
Nh6+ Kh8 28. Qc4 Nd6 29. Qd5 Qe6 30. Qxe6 fxe6 31. Be5 Ne4 32. Kf1 b6 33. Ke2
Be7 34. f3 Nf6 35. g5 Nd7 36. Bc3 b5 37. h4 Bc5 38. f4 Nf8 39. h5 Bb6 40. Kd3
Bc7 41. Ke4 Nd7 42. Bd4 Bb6 43. Ng4 Kg8 44. Ne5 Nc5+ 45. Ke3 a5 46. a3 Kh8 47.
h6 Kg8 48. hxg7 b4 49. axb4 axb4 50. Ng4 Nd7 51. Nh6# 1-0

[Event "2nd Yerevan Open"]
[Site "?"]
[Date "2017.09.26"]
[Round "8.47"]
[White "Manukyan , Sevak N."]
[Black "Matevosyan , Sedrak"]
[Result "1/2-1/2"]
[WhiteElo "1799"]
[BlackElo "2202"]
[PlyCount "128"]

1. d4 Nf6 2. c4 e6 3. Nc3 Bb4 4. e3 O-O 5. Nge2 Re8 6. a3 Bf8 7. Ng3 d5 8. Be2
c5 9. dxc5 Bxc5 10. O-O Nc6 11. b4 Bf8 12. Bb2 a5 13. b5 Ne5 14. cxd5 exd5 15.
Qc2 Bg4 16. Rfd1 Bxe2 17. Ngxe2 Rc8 18. Qb3 Nc4 19. Nf4 a4 20. Qa2 Bd6 21. Nce2
Nxb2 22. Qxb2 Be5 23. Nd4 Bxf4 24. exf4 Qc7 25. g3 Qc3 26. Qxc3 Rxc3 27. Nf5 g6
28. Ne3 Rd8 29. Rd4 Rb3 30. Rxa4 Rxb5 31. Rd1 Rb3 32. Rdd4 Rb2 33. Rab4 Rxb4
34. axb4 Kf8 35. g4 h6 36. g5 hxg5 37. fxg5 Ne4 38. Rxd5 Rxd5 39. Nxd5 Nxg5 40.
Kg2 Ke8 41. f4 Ne6 42. Kf3 f5 43. Ke3 Kd7 44. h4 Kd6 45. Nc3 Kc6 46. Ne2 Kd5
47. Kd3 b6 48. Nc3+ Kc6 49. Ne2 Nc7 50. Kc4 b5+ 51. Kd4 Kd6 52. Nc3 Ne6+ 53.
Ke3 Kc6 54. Ne2 Kd5 55. Kd3 Kd6 56. Ke3 Nc7 57. Nc3 Kc6 58. Kd4 Kd6 59. Ke3 Na6
60. Nxb5+ Ke7 61. Nd4 Nxb4 62. h5 Nd5+ 63. Kf3 gxh5 64. Nxf5+ Kf6 1/2-1/2

[Event "2nd Yerevan Open"]
[Site "?"]
[Date "2017.09.26"]
[Round "8.48"]
[White "Grigorian, Marine"]
[Black "Hakobyan 	, Hakob Mk."]
[Result "1-0"]
[WhiteElo "2183"]
[BlackElo "1763"]
[PlyCount "91"]

1. d4 d5 2. c4 e6 3. Nf3 Be7 4. g3 Nf6 5. Bg2 O-O 6. O-O dxc4 7. Ne5 Nc6 8.
Bxc6 bxc6 9. Nxc6 Qe8 10. Nxe7+ Qxe7 11. Qa4 c5 12. Qxc4 cxd4 13. Qxd4 Rd8 14.
Qh4 h6 15. Nc3 Bb7 16. Be3 e5 17. Rac1 Qe6 18. Rfd1 Rxd1+ 19. Rxd1 Qc6 20. f3
e4 21. Nxe4 Nxe4 22. Qxe4 Qxe4 23. fxe4 Bxe4 24. Rd7 a5 25. b3 Bf5 26. Rd4 Be6
27. Bd2 a4 28. bxa4 Bxa2 29. a5 h5 30. e4 Kf8 31. Ra4 Be6 32. a6 Ke7 33. a7 Kd7
34. Be3 Kc7 35. Rb4 Bc8 36. Bf4+ Kc6 37. Bb8 Be6 38. Kf2 Kc5 39. Ra4 Kc6 40.
Ke3 Kb5 41. Rd4 Kc5 42. Rd8 Kc4 43. Kf4 f6 44. Rh8 Kd3 45. h4 g6 46. Rf8 1-0